Жидкометаллические предохранители и инвестиционная привлекательность их разработки

Podrobná bibliografie
Hlavní autor: Кузнецов А. В. Анатолий Викторович
Shrnutí:Применение существующих устройств управления и защиты в системах электроснабжения потребителей, а также критерии оценки принимаемых решений при их проектировании и применении связаны со значительным завышением инвестиционной составляющей в электрические сети. Это обусловлено несовершенством технико-экономических характеристик применяемых устройств управления и защиты. Обоснованы новые критерии оценки принимаемых решений, обеспечивающие снижение инвестиционной составляющей в электрические сети. В соответствии с обоснованными критериями создан новый принцип конструкции жидкометаллических самовосстанавливающихся предохранителей (ЖСП) со стабилизированной защитной характеристикой (ЖСПС). Разработаны научные основы создания применения и проектирования устройств защиты с использованием ЖСП и ЖСПС. Инвестиционная привлекательность проектов, направленных на создание ЖСП, ЖСПС и устройств защиты на их основе, выражается в том, что реализация предложенных технических решений сокращает затраты на производство и передач) 1 кВт-ч электроэнергии до 4%.
Jazyk:ruština
Vydáno: Москва, Энергоатомиздат, 2006
Témata:
Médium: MixedMaterials Kniha
KOHA link:https://koha.lib.tpu.ru/cgi-bin/koha/opac-detail.pl?biblionumber=153723

MARC

LEADER 00000nam0a2200000 4500
001 153723
005 20231101221718.0
010 |a 5283032477 
035 |a (RuTPU)RU\TPU\book\166763 
090 |a 153723 
100 |a 20090216d2006 k y0rusy50 ca 
101 0 |a rus 
102 |a RU 
105 |a a z 001zy 
200 1 |a Жидкометаллические предохранители и инвестиционная привлекательность их разработки  |f А. В. Кузнецов 
210 |a Москва  |c Энергоатомиздат  |d 2006 
215 |a 207 с.  |c ил. 
320 |a Библиографический список: с. 195-204. 
330 |a Применение существующих устройств управления и защиты в системах электроснабжения потребителей, а также критерии оценки принимаемых решений при их проектировании и применении связаны со значительным завышением инвестиционной составляющей в электрические сети. Это обусловлено несовершенством технико-экономических характеристик применяемых устройств управления и защиты. Обоснованы новые критерии оценки принимаемых решений, обеспечивающие снижение инвестиционной составляющей в электрические сети. В соответствии с обоснованными критериями создан новый принцип конструкции жидкометаллических самовосстанавливающихся предохранителей (ЖСП) со стабилизированной защитной характеристикой (ЖСПС). Разработаны научные основы создания применения и проектирования устройств защиты с использованием ЖСП и ЖСПС. Инвестиционная привлекательность проектов, направленных на создание ЖСП, ЖСПС и устройств защиты на их основе, выражается в том, что реализация предложенных технических решений сокращает затраты на производство и передач) 1 кВт-ч электроэнергии до 4%. 
606 1 |a Предохранители жидкометаллические  |2 stltpush  |3 (RuTPU)RU\TPU\subj\67535  |9 83292 
610 1 |a электрические сети 
610 1 |a электроснабжение 
610 1 |a защитные устройства 
610 1 |a системы управления 
610 1 |a математические модели 
610 1 |a параметры 
610 1 |a самовосстанавливающиеся предохранитель 
610 1 |a характеристика 
610 1 |a технические решения 
610 1 |a электроснабжение 
675 |a 621.316.923  |v 3 
700 1 |a Кузнецов  |b А. В.  |g Анатолий Викторович 
801 1 |a RU  |b 63413507  |c 20090216  |g PSBO 
801 2 |a RU  |b 63413507  |c 20150616  |g PSBO 
942 |c BK